00650nam a2200217Ia 450000500170000000800410001702000110005804000190006904100120008808200140010024500770011426000460019130000400023750400520027763000180032963000190034765000190036665100190038570000180040485000100042220230622131322.0131103s9999 xx 000 0 und d cRs.100 aLoreto College aEnglish a301 bSHA aModern Indiab shifting perspectives cedited by R.C.Sharma ... [et.al.] aNew DelhibS.Chand and company Ltd.c1982 axi,387 p.b plates,ill.,fig.,tables aIncludes bibliographical references, foot notes aSocial Change aSocial Process aSocial Science aSocial Science aRam,Tulsi,ed. aLCLIB